Bibiana y su mundo /
José Luis Olaizola nació en San Sebastián, España en 1927. Se dedica a la literatura y al cine; autor de numerosas obras de literatura infantil. Su obra es diversa. Ganó el Premio Ateneo de Sevilla en 1976 con Planicio; posteriormente, y dedicado también a la literatura infantil y juvenil, obtuvo el...
Gespeichert in:
| 1. Verfasser: | |
|---|---|
| Weitere Verfasser: | |
| Format: | Buch |
| Sprache: | Spanisch |
| Veröffentlicht: |
Madrid, España :
SM,
1987, c1985
|
| Ausgabe: | 4a edición |
| Schriftenreihe: | (El Barco de Vapor. Serie Roja ;
83) |
| Schlagworte: | |
| Tags: |
Keine Tags, Fügen Sie das erste Tag hinzu!
|
MARC
| LEADER | 00000nam^a2200000^a^4500 | ||
|---|---|---|---|
| 001 | 000024386 | ||
| 005 | 20250521000000.0 | ||
| 009 | 20260310084611.179 | ||
| 020 | |a 84-348-1613-x | ||
| 037 | |a Acervo ITESO - Biblioteca | ||
| 041 | |a ESP | ||
| 082 | |a 808. 899282 |b OLA | ||
| 100 | |a Olaizola, José Luis |e (autor) | ||
| 245 | 1 | 0 | |a Bibiana y su mundo / |c J.L. Olaizola; il. de A. Esteban. |
| 250 | |a 4a edición | ||
| 264 | 4 | |a Madrid, España : |b SM, |c 1987, c1985 | |
| 300 | |a 134 p. | ||
| 336 | |a texto |b txt |2 rdacontenido | ||
| 337 | |a sin mediación |b n |2 rdamedio | ||
| 338 | |a volumen |b nc |2 rdasoporte | ||
| 440 | 3 | |a (El Barco de Vapor. |p Serie Roja ; |v 83) | |
| 520 | |a José Luis Olaizola nació en San Sebastián, España en 1927. Se dedica a la literatura y al cine; autor de numerosas obras de literatura infantil. Su obra es diversa. Ganó el Premio Ateneo de Sevilla en 1976 con Planicio; posteriormente, y dedicado también a la literatura infantil y juvenil, obtuvo el Premio Barco de Vapor, en 1982, con la historia de Cucho. Un año después, obtuvo el Premio Planeta con La guerra del general Escobar; Dos mujeres y un amor; Los amores de San Juan de la Cruz, una biografía íntima del santo; Bibiana y su mundo, La Leyenda de Boni Martín, son algunos de sus títulos de mayor éxito. Olaizola también compone música, Misa del Tercer Milenio, que obtuvo el Premio Bravo en 1998, y escribe ensayo y novela histórica, como es el caso de la vida de Juana la Loca. | ||
| 649 | |a XX | ||
| 650 | |a Cuentos Españoles | ||
| 650 | |a Cuentos Infantiles - |z España | ||
| 650 | |a Literatura Española - |y Siglo XX | ||
| 650 | |a Literatura Infantil - |z España | ||
| 650 | |a Alcoholismo | ||
| 650 | |a Huérfanos | ||
| 650 | |a Interacción Social | ||
| 650 | |a Problemas Sociales | ||
| 650 | |a Solución de Problemas | ||
| 700 | |a Esteban, Angel |e (ilustración) | ||
| 910 | |a Fondo General | ||
| 920 | |a Impresos - Libros | ||
| 930 | |a Colección General | ||
| 940 | |a Literatura | ||
| 905 | |a 101 | ||
| 901 | |a 0243860100 |b IT1 |c LIT |i 024386 |u 20250521 | ||
| 902 | |a https://opac.biblio.iteso.mx/vufind/Record/000024386 | ||